Sports Quiz

Random Sports or Soccer Quiz

Manchester United - 1994 FA Cup Winning Team (Map) Quiz Stats

 Plays Quiz not verified by Sporcle

Score 0/14 Timer 08:00
0 Plays Today
% Correct
Ryan Giggs
97.2%
Eric Cantona
96.8%
Peter Schmeichel
95.4%
Paul Ince
93.4%
Roy Keane
91.5%
Denis Irwin
91.1%
Gary Pallister
89.9%
% Correct
Mark Hughes
89.9%
Steve Bruce
87.5%
Lee Sharpe
81.3%
Andrei Kanchelskis
79.3%
Paul Parker
77.3%
Brain McClair
75.1%
Gary Walsh
36.8%

You're not logged in!

Compare scores with friends on all Sporcle quizzes.
OR
Log In

Show Comments

Extras

Top Quizzes Today


Score Distribution

Your Account Isn't Verified!

In order to create a playlist on Sporcle, you need to verify the email address you used during registration. Go to your Sporcle Settings to finish the process.

Report this User

Report this user for behavior that violates our Community Guidelines.

Details: